Missing and unidentified deceased persons files /

Bibliographic Details
Main Author: Becker, Louise G.
Corporate Author: Library of Congress. Congressional Research Service
Format: Microform Book
Language:English
Published: [Washington, DC] : Library of Congress, Congressional Research Service, 1981.
Series:Major studies and issue briefs of the Congressional Research Service. Supplement ; 1981-82, reel 9, fr. 1099.
Subjects:

MARC

Tag First Indicator Second Indicator Subfields
LEADER 00000cam a2200000 a 4500
001 in00001474913
005 20151021052059.0
007 hd afa014baca
008 961212s1981 dcu a f000 0 eng d
035 |a (OCoLC)36076599 
035 |9 AJE2681AM 
040 |a HDB  |c HDB  |d UtOrBLW 
049 |a TXAI 
090 |a JK1108  |b .M35 Suppl. 1981-82 reel 9, fr. 1099 
099 |a film  |a S  |a 1707 1981-82, reel 9, fr. 1099. 
100 1 |a Becker, Louise G. 
245 1 0 |a Missing and unidentified deceased persons files /  |c Louise Giovane Becker. 
264 1 |a [Washington, DC] :  |b Library of Congress, Congressional Research Service,  |c 1981. 
300 |a 11 pages ;  |c 28 cm. 
336 |a text  |b txt  |2 rdacontent 
337 |a microform  |b h  |2 rdamedia 
338 |a microfilm reel  |b hd  |2 rdacarrier 
500 |a Cover title. 
500 |a "November 12, 1981." 
500 |a "Science Policy Research Division." 
504 |a Includes bibliographical references. 
533 |a Microfilm.  |b Arlington, VA :  |c University Publications of America,  |d 1982.  |e on 1 microfilm reel ; 35 mm. Low reduction.  |f (Major studies and issue briefs of the Congressional Research Service. 1981-82 supplement ; reel 9, fr. 1099). 
500 |a Microform] : development of a national depository. 
610 2 0 |a International Tracing Service. 
610 2 0 |a National Crime Information Center (U.S.) 
610 1 0 |a United States.  |b Federal Bureau of Investigation. 
650 0 |a Missing persons  |z United States. 
710 2 |a Library of Congress.  |b Congressional Research Service. 
830 0 |a Major studies and issue briefs of the Congressional Research Service.  |p Supplement ;  |v 1981-82, reel 9, fr. 1099. 
999 |a MARS 
999 f f |s 0079de7a-e0d4-3963-969c-eed64be72beb  |i 5b9a7ca0-4b2e-373b-9d12-e18f8764494b  |t 0 
952 f f |p default  |a Texas A&M University  |b College Station  |c Sterling C. Evans Library  |d Evans: Microforms (3rd floor)  |t 0  |e film S 1707 1981-82, reel 9, fr. 1099.  |h Other scheme  |i microform -- microfilm reel 
998 f f |a film S 1707 1981-82, reel 9, fr. 1099.  |t 0  |l Evans: Microforms (3rd floor)